Condiciones de continuidad de operadores potenciales y de Hilbert /

Guardado en:
Autor Principal: Cotlar, Mischa.
Formato: Libro
Idioma:Spanish
Publicado: [Buenos Aires] : Departamento de Matemática, Facultad de Ciencias Exactas y Naturales, Universidad de Buenos Aires, 1959.
Series:Cursos y seminarios de matemática ; no. 2
Etiquetas: Agregar Etiqueta
Sin Etiquetas, Sea el primero en etiquetar este registro!
LEADER 00892nam a22001695a 4500
001 MAT.inmabb000817
008 031119s1959####ag############000#0#spa#d
005 20170804120251.0
245 1 0 |a Condiciones de continuidad de operadores potenciales y de Hilbert /  |c Mischa Cotlar. 
260 |a [Buenos Aires] :  |b Departamento de Matemática, Facultad de Ciencias Exactas y Naturales, Universidad de Buenos Aires,  |c 1959. 
300 |a vi, 352 p. ;  |c 28 cm. 
440 0 |a Cursos y seminarios de matemática ;  |v no. 2 
500 |a "El presente fascículo es una ampliación de unas notas mimeografiadas por esta Facultad en 1957, y reproduce el material de un curso-seminario dictado en 1959 en el Instituto Matemático de Buenos Aires y en 1958 en Washington University de Saint Louis." 
510 4 |a MR,  |c 22 #6985 
100 1 |a Cotlar, Mischa. 
084 |a 44-XX  |a 46-XX  |2 MR 
859 |h 44  |i C844  |p A-632  |b BIB. MATEMATICA